[Event "COL-ch sf"]
[Site "Pereira"]
[Date "2024.03.30"]
[Round "9"]
[White "Vargas, Mauricio"]
[Black "Cifuentes Camacho, Miguel Angel"]
[Result "1-0"]
[WhiteElo "1974"]
[BlackElo "1870"]
[PlyCount "65"]
[EventDate "2024.03.26"]
[EventType "swiss"]
[EventRounds "11"]
[EventCountry "COL"]
[SourceTitle "CB14_2024"]
[SourceDate "2024.04.01"]
[SourceVersion "1"]
[SourceVersionDate "2024.04.01"]
[SourceQuality "1"]

1. e4 c5 2. Nf3 a6 3. c4 Nc6 4. d4 cxd4 5. Nxd4 e5 6. Nf5 d5 7. cxd5 Bxf5 8. exf5 Nd4 9. Nc3 Nf6 10. g4 Bb4 11. Bg2 Nxd5 12. Bd2 Nf4 13. Bxf4 exf4 14. 0-0 0-0 15. f6 Bxc3 16. bxc3 f3 17. Bxf3 Nxf3+ 18. Qxf3 Qxf6 19. Qxf6 gxf6 20. Rfb1 b5 21. a4 Rac8 22. Ra3 Rc4 23. Rb4 Rfc8 24. axb5 axb5 25. Rxb5 Rxc3 26. Ra7 R8c7 27. Ra6 R7c6 28. Rb8+ Kg7 29. Raa8 Kh6 30. Rg8 Rc7 31. Kg2 Rc2 32. Rae8 Rd2 33. Re3 1-0

[Event "COL-ch sf"]
[Site "Pereira"]
[Date "2024.03.27"]
[Round "3"]
[White "Cifuentes Camacho, Miguel Angel"]
[Black "Zuluaga Alzate, Ernesto Uriel"]
[Result "0-1"]
[WhiteElo "1870"]
[BlackElo "1990"]
[PlyCount "50"]
[EventDate "2024.03.26"]
[EventType "swiss"]
[EventRounds "11"]
[EventCountry "COL"]
[SourceTitle "CB14_2024"]
[SourceDate "2024.04.01"]
[SourceVersion "1"]
[SourceVersionDate "2024.04.01"]
[SourceQuality "1"]

1. d4 Nf6 2. c4 e6 3. Nc3 Bb4 4. f3 c5 5. d5 Bxc3+ 6. bxc3 e5 7. e4 d6 8. Bg5 Qa5 9. Qb3 Nbd7 10. Bd3 h6 11. Bd2 0-0 12. Ne2 Re8 13. 0-0 Nf8 14. Qc2 Ng6 15. g4 Qc7 16. Ng3 Nf4 17. Kh1 Qe7 18. Nf5 Qf8 19. Rg1 Nh7 20. Bxf4 exf4 21. Nxd6 Qxd6 22. e5 Rxe5 23. Bxh7+ Kh8 24. Be4 Bd7 25. Rab1 b6 0-1

[Event "ARG-ch U18"]
[Site "Ibague"]
[Date "2024.03.17"]
[Round "6"]
[White "Cifuentes Camacho, Miguel Angel"]
[Black "Garzon Camelo, Andres Santiago"]
[Result "0-1"]
[WhiteElo "1870"]
[BlackElo "2081"]
[PlyCount "38"]
[EventDate "2024.03.14"]
[EventType "swiss"]
[EventRounds "7"]
[EventCountry "COL"]
[SourceTitle "CB12_2024"]
[SourceDate "2023.10.01"]
[SourceVersion "1"]
[SourceVersionDate "2023.10.01"]
[SourceQuality "1"]

1. Nf3 Nf6 2. g3 e6 3. Bg2 Be7 4. b3 0-0 5. Bb2 d5 6. 0-0 c5 7. d3 Nc6 8. Nbd2 b6 9. c4 Bb7 10. d4 cxd4 11. Nxd4 Nxd4 12. Bxd4 Qd7 13. cxd5 Nxd5 14. Nc4 Rfd8 15. e3 Rac8 16. Ne5 Qe8 17. Bh3 Nc3 18. Qh5 Rxd4 19. exd4 g6 0-1

[Event "ARG-ch U18"]
[Site "Ibague"]
[Date "2024.03.16"]
[Round "4"]
[White "Cifuentes Camacho, Miguel Angel"]
[Black "Soto Ramirez, Andres Camilo"]
[Result "1/2-1/2"]
[WhiteElo "1870"]
[BlackElo "1732"]
[PlyCount "132"]
[EventDate "2024.03.14"]
[EventType "swiss"]
[EventRounds "7"]
[EventCountry "COL"]
[SourceTitle "CB12_2024"]
[SourceDate "2023.10.01"]
[SourceVersion "1"]
[SourceVersionDate "2023.10.01"]
[SourceQuality "1"]

1. d4 Nf6 2. Bf4 d5 3. Nc3 e6 4. Nb5 Bd6 5. Nxd6+ cxd6 6. c3 Nc6 7. Nf3 0-0 8. e3 Re8 9. Be2 e5 10. Bg5 Be6 11. 0-0 Qd7 12. Bb5 Bg4 13. h3 Bf5 14. Kh2 a6 15. Ba4 h6 16. Bxf6 gxf6 17. c4 Be4 18. Nd2 exd4 19. Nxe4 dxe4 20. Bxc6 Qxc6 21. Qxd4 Re6 22. Rac1 b5 23. Rfd1 bxc4 24. Rxc4 Qb5 25. a4 Qe5+ 26. Qxe5 fxe5 27. Rxe4 Rb8 28. b4 Kf8 29. Rc4 Rb6 30. Rd5 Ke7 31. a5 Rb7 32. b5 Rxb5 33. Rxb5 axb5 34. Rb4 d5 35. Rxb5 d4 36. exd4 exd4 37. Rd5 Ra6 38. Kg3 Ke6 39. Rxd4 Rxa5 40. Rh4 Rg5+ 41. Kh2 Rg6 42. Ra4 Ke7 43. g4 Kf8 44. Ra5 Kg7 45. Kg3 Rb6 46. Kh4 Rf6 47. Kg3 Rb6 48. Rf5 Rb3+ 49. Kh4 Rb4 50. Kh5 Rb3 51. h4 Rh3 52. Ra5 Rf3 53. Ra6 Rxf2 54. Rxh6 Rb2 55. g5 Rb5 56. Rf6 Rb4 57. Rc6 Rb5 58. Rc4 Rb1 59. Rf4 Rg1 60. Rg4 Rxg4 61. Kxg4 f6 62. Kf5 fxg5 63. hxg5 Kf7 64. g6+ Kg7 65. Kg5 Kg8 66. Kh5 Kg7 1/2-1/2

[Event "COL-ch U20"]
[Site "Cali"]
[Date "2024.03.01"]
[Round "4"]
[White "Jimenez Rios, Manuel David"]
[Black "Cifuentes Camacho, Miguel Angel"]
[Result "0-1"]
[WhiteElo "1356"]
[BlackElo "1784"]
[PlyCount "46"]
[EventDate "2024.02.28"]
[EventType "swiss"]
[EventRounds "9"]
[EventCountry "COL"]
[SourceTitle "CB11_2024"]
[SourceDate "2024.03.13"]
[SourceVersion "1"]
[SourceVersionDate "2024.03.13"]
[SourceQuality "1"]

1. e4 e5 2. Nf3 Nc6 3. Bb5 g6 4. c3 a6 5. Ba4 Bg7 6. 0-0 Nge7 7. Re1 0-0 8. d3 d6 9. h3 b5 10. Bc2 Bb7 11. Nbd2 h6 12. Nf1 d5 13. exd5 Nxd5 14. Ne3 Nf4 15. Ng4 Qd6 16. Nfxe5 Nxg2 17. Kxg2 Nxe5+ 18. Kf1 Bf3 19. Qd2 Nxg4 20. Qf4 Be5 21. Rxe5 Qxe5 22. hxg4 Qe2+ 23. Kg1 Qe1+ 0-1

[Event "COL-ch U20"]
[Site "Cali"]
[Date "2024.02.29"]
[Round "2"]
[White "Buitrago Garces, Maicol"]
[Black "Cifuentes Camacho, Miguel Angel"]
[Result "0-1"]
[WhiteElo "1285"]
[BlackElo "1784"]
[PlyCount "112"]
[EventDate "2024.02.28"]
[EventType "swiss"]
[EventRounds "9"]
[EventCountry "COL"]
[SourceTitle "CB11_2024"]
[SourceDate "2024.03.13"]
[SourceVersion "1"]
[SourceVersionDate "2024.03.13"]
[SourceQuality "1"]

1. d4 Nf6 2. Nf3 b6 3. c4 e6 4. Nc3 Bb7 5. Qc2 c5 6. e3 Be7 7. Be2 d6 8. 0-0 Nbd7 9. e4 cxd4 10. Nxd4 0-0 11. Be3 Rc8 12. f3 a6 13. Rad1 Rc7 14. Qb3 Re8 15. Na4 Nc5 16. Nxc5 bxc5 17. Nc2 Qa8 18. Rd2 Bc6 19. Bf4 Rb7 20. Qc3 d5 21. cxd5 exd5 22. e5 d4 23. Nxd4 Nd5 24. Qc1 cxd4 25. Qxc6 Nxf4 26. Bxa6 Ra7 27. Qxa8 Rexa8 28. Bc4 Rc7 29. Bb3 Bb4 30. Rdd1 d3 31. g3 Ne2+ 32. Kf2 Rd8 33. a3 Bc5+ 34. Kg2 Rb7 35. Rfe1 Rxb3 36. Rxe2 Bb6 37. Red2 Be3 38. Rc2 Rdb8 39. Rc3 Rxc3 40. bxc3 Rb2+ 41. Kh3 d2 42. Kg2 Rc2 43. Kf1 Rxc3 44. a4 Rc1 45. Ke2 Rxd1 46. Kxd1 Kf8 47. a5 Ke7 48. a6 Kd7 49. a7 Bxa7 50. Kxd2 Bg1 51. h3 Bh2 52. Ke3 Bxg3 53. f4 Ke6 54. Kf3 Bh2 55. Ke4 g6 56. h4 h5 0-1

[Event "Pan American-ch School U17 12th"]
[Site "Callao"]
[Date "2023.10.20"]
[Round "8"]
[White "Cruz Ocas, Edward Joel"]
[Black "Cifuentes Camacho, Miguel Angel"]
[Result "0-1"]
[WhiteElo "1611"]
[BlackElo "1835"]
[PlyCount "88"]
[EventDate "2023.10.16"]
[EventType "swiss"]
[EventRounds "9"]
[EventCountry "PER"]
[SourceTitle "Mega2024 Update 01"]
[Source "Chessbase"]
[SourceDate "2023.11.12"]
[SourceVersion "1"]
[SourceVersionDate "2023.11.12"]
[SourceQuality "1"]

1. d4 Nf6 2. Bg5 Ne4 3. Bf4 d6 4. f3 Nf6 5. Nc3 Nbd7 6. e4 e5 7. dxe5 dxe5 8. Be3 Bb4 9. Nge2 0-0 10. a3 Ba5 11. b4 Bb6 12. Qd2 c6 13. Bxb6 axb6 14. Ng3 g6 15. Bc4 b5 16. Bb3 Qb6 17. Qf2 Rd8 18. 0-0 Qxf2+ 19. Kxf2 Nb6 20. a4 bxa4 21. Nxa4 Nxa4 22. Rxa4 Rxa4 23. Bxa4 Be6 24. Ke3 Ra8 25. Bb3 Bxb3 26. cxb3 Ra2 27. Rf2 Ra3 28. Rb2 Ne8 29. Nf1 Nd6 30. Nd2 f6 31. Kd3 Ra1 32. Nc4 Nf7 33. Kc3 Kf8 34. Rd2 Ke7 35. b5 cxb5 36. Nb6 Rc1+ 37. Kb2 Rc6 38. Rd7+ Ke6 39. Rxb7 Nd6 40. Rb8 f5 41. Nd5 fxe4 42. fxe4 Nxe4 43. Rxb5 Nc5 44. Nc3 Nd3+ 0-1

[Event "Pan American-ch School U17 12th"]
[Site "Callao"]
[Date "2023.10.18"]
[Round "5"]
[White "Cifuentes Camacho, Miguel Angel"]
[Black "Sifuentes Alcantara, Jhony Sebastian"]
[Result "0-1"]
[WhiteElo "1835"]
[BlackElo "1714"]
[PlyCount "88"]
[EventDate "2023.10.16"]
[EventType "swiss"]
[EventRounds "9"]
[EventCountry "PER"]
[SourceTitle "Mega2024 Update 01"]
[Source "Chessbase"]
[SourceDate "2023.11.12"]
[SourceVersion "1"]
[SourceVersionDate "2023.11.12"]
[SourceQuality "1"]

1. e4 c5 2. Nf3 e6 3. c3 d5 4. exd5 Qxd5 5. d4 Nf6 6. Be3 cxd4 7. cxd4 Nc6 8. Nc3 Qd6 9. a3 Be7 10. Bd3 0-0 11. 0-0 Nd5 12. Nb5 Qd8 13. Rc1 Bf6 14. Bb1 g6 15. Nc3 Qe7 16. Bh6 Rd8 17. Ne4 Bg7 18. Bxg7 Kxg7 19. Ne5 Bd7 20. Nc5 Nxe5 21. dxe5 Bb5 22. Re1 Nc3 23. Qc2 Nxb1 24. Qxb1 Rd5 25. Qc2 Rad8 26. Qc3 Bc6 27. Qe3 Rd4 28. b4 b6 29. Nb3 Rd3 30. Qf4 Bxg2 31. Kxg2 Rxb3 32. Re3 Rxe3 33. Qxe3 Qh4 34. h3 Rd7 35. Rc8 Qd4 36. Qxd4 Rxd4 37. Ra8 Rd7 38. f3 g5 39. h4 gxh4 40. Kh3 Kg6 41. Kg4 h3 42. Rg8+ Kh6 43. Rg5 Rd4+ 44. f4 Rxf4+ 0-1

[Event "Pereira Fiestas de la Cosecha op"]
[Site "Pereira"]
[Date "2023.08.25"]
[Round "2"]
[White "Cifuentes Camacho, Miguel Angel"]
[Black "Garcia Mendez, Engels Vladimir"]
[Result "0-1"]
[WhiteElo "1668"]
[BlackElo "1956"]
[PlyCount "44"]
[EventDate "2023.08.24"]
[EventType "swiss"]
[EventRounds "7"]
[EventCountry "COL"]
[SourceTitle "EXT 2024"]
[Source "ChessBase"]
[SourceDate "2023.10.10"]
[SourceVersion "1"]
[SourceVersionDate "2023.10.10"]
[SourceQuality "1"]

1. d4 Nc6 2. Nf3 d5 3. g3 Bf5 4. Bg2 Nf6 5. 0-0 e6 6. c4 Be7 7. Bf4 Nb4 8. Nc3 dxc4 9. Ne5 0-0 10. e4 Bg6 11. a3 Nd3 12. Nxd3 cxd3 13. Qxd3 c5 14. Rfd1 Rc8 15. d5 exd5 16. Nxd5 Nxd5 17. Qxd5 Qb6 18. Qd7 Rfe8 19. Rd2 Bf6 20. e5 Rcd8 21. Qxb7 Rxd2 22. Bxd2 Bxe5 0-1

[Event "Medellin Flores op 30th"]
[Site "Medellin"]
[Date "2023.08.05"]
[Round "4"]
[White "Cifuentes Camacho, Miguel Angel"]
[Black "Tobar Beltran, Jorge Esteban"]
[Result "1/2-1/2"]
[WhiteElo "1668"]
[BlackElo "1938"]
[PlyCount "125"]
[EventDate "2023.08.03"]
[EventType "swiss"]
[EventRounds "9"]
[EventCountry "COL"]
[SourceTitle "EXT 2024"]
[Source "ChessBase"]
[SourceDate "2023.10.10"]
[SourceVersion "1"]
[SourceVersionDate "2023.10.10"]
[SourceQuality "1"]

1. d4 e6 2. Bf4 f5 3. Nf3 Nf6 4. e3 b6 5. c4 Bb7 6. Nc3 Bb4 7. a3 Bxc3+ 8. bxc3 0-0 9. Be2 d6 10. a4 Nbd7 11. a5 Qe7 12. Bg3 Ne4 13. Qb3 g5 14. c5 Kh8 15. a6 Bc6 16. c4 bxc5 17. d5 Rab8 18. Qa2 exd5 19. cxd5 Nc3 20. Qd2 Nxe2 21. dxc6 Nxg3 22. hxg3 Qg7 23. 0-0 Nb6 24. Rab1 h6 25. Qc2 Rbe8 26. Nd2 f4 27. gxf4 gxf4 28. exf4 Rxf4 29. Rfe1 Rg8 30. Qb2 Qxb2 31. Rxb2 Ra4 32. Re6 Rxa6 33. Rb3 Nd5 34. Rf3 Ra1+ 35. Kh2 Ra4 36. Ne4 Rg4 37. Re8+ Kg7 38. Ng3 Rh4+ 39. Kg1 Ra1+ 40. Nf1 Nf4 41. Re7+ Kf8 42. Rxf4+ Rxf4 43. Rxc7 Ke8 44. Rc8+ Ke7 45. Rh8 Ra6 46. c7 Rc6 47. c8Q Rxc8 48. Rxc8 Kd7 49. Rh8 a5 50. Rxh6 Rb4 51. Ne3 a4 52. Rh7+ Kc6 53. Ra7 d5 54. g4 d4 55. Nf5 d3 56. Ne3 d2 57. Kf1 c4 58. Ke2 c3 59. Kd3 Kb6 60. Ra8 Kb7 61. Rxa4 Rxa4 62. Kxc3 Rxg4 63. Kxd2 1/2-1/2

[Event "Medellin Flores op 30th"]
[Site "Medellin"]
[Date "2023.08.05"]
[Round "5"]
[White "Montoya Echeverri, Sebastian"]
[Black "Cifuentes Camacho, Miguel Angel"]
[Result "1/2-1/2"]
[WhiteElo "1916"]
[BlackElo "1668"]
[PlyCount "107"]
[EventDate "2023.08.03"]
[EventType "swiss"]
[EventRounds "9"]
[EventCountry "COL"]
[SourceTitle "EXT 2024"]
[Source "ChessBase"]
[SourceDate "2023.10.10"]
[SourceVersion "1"]
[SourceVersionDate "2023.10.10"]
[SourceQuality "1"]

1. e4 c5 2. Nf3 a6 3. c3 e6 4. d4 d5 5. e5 Nc6 6. Bd3 Qb6 7. a3 Bd7 8. Bc2 Rc8 9. 0-0 h5 10. b4 cxd4 11. cxd4 a5 12. bxa5 Nxa5 13. Nbd2 Nh6 14. Rb1 Qc7 15. Bd3 Be7 16. Qe2 0-0 17. Bb2 Nf5 18. Rfc1 Qb8 19. Bb5 Rxc1+ 20. Rxc1 Qe8 21. a4 Nc6 22. Nb3 b6 23. Qc2 Nb4 24. Qe2 Bxb5 25. axb5 Qa8 26. Ra1 Qb7 27. Bc3 Ra8 28. Qd2 Rxa1+ 29. Nxa1 Qa8 30. Bxb4 Bxb4 31. Qb2 Qa4 32. Nc2 Be7 33. Nd2 f6 34. f4 fxe5 35. fxe5 g5 36. Qb3 Qa5 37. Qd3 g4 38. Nf1 Kg7 39. h3 Qa2 40. hxg4 hxg4 41. Nce3 Nh4 42. Qc2 Qa1 43. Qd1 Qxd1 44. Nxd1 Nf5 45. Nfe3 Nxd4 46. Nxg4 Nxb5 47. Kf2 Bg5 48. Nb2 Nd4 49. Nd3 Kg6 50. Ne3 Nc6 51. g4 Bxe3+ 52. Kxe3 Kg5 53. Nf4 Nd4 54. Nxd5 1/2-1/2

[Event "Medellin Flores op 30th"]
[Site "Medellin"]
[Date "2023.08.03"]
[Round "1"]
[White "Varela Acosta, Valeria"]
[Black "Cifuentes Camacho, Miguel Angel"]
[Result "0-1"]
[WhiteElo "1211"]
[BlackElo "1668"]
[PlyCount "70"]
[EventDate "2023.08.03"]
[EventType "swiss"]
[EventRounds "9"]
[EventCountry "COL"]
[SourceTitle "EXT 2024"]
[Source "ChessBase"]
[SourceDate "2023.10.10"]
[SourceVersion "1"]
[SourceVersionDate "2023.10.10"]
[SourceQuality "1"]

1. e4 c5 2. c3 e6 3. d4 d5 4. e5 Nc6 5. Nf3 Qb6 6. Be2 h5 7. 0-0 Nh6 8. b3 Nf5 9. Be3 Bd7 10. Qd2 cxd4 11. cxd4 Bb4 12. Nc3 Nce7 13. a3 Nxe3 14. Qxe3 Nf5 15. Qd3 Bxc3 16. Qxc3 Rc8 17. Qd3 a6 18. Qd1 Rc3 19. Rb1 0-0 20. a4 Qb4 21. Qd2 Rfc8 22. h3 Qa3 23. Qb2 Qb4 24. Rfe1 Rc2 25. Qa1 R2c3 26. Qb2 h4 27. Qd2 a5 28. Bd1 Bxa4 29. Qa2 Bb5 30. Be2 Rc2 31. Qa1 Bxe2 32. Rb2 Rxb2 33. Qxb2 Bxf3 34. Rf1 Rc3 35. gxf3 Qxd4 0-1

[Event "COL-ch 20"]
[Site "Cali"]
[Date "2023.06.24"]
[Round "5"]
[White "Cifuentes Camacho, Miguel Angel"]
[Black "Pena De Lima, Carlos Andres"]
[Result "0-1"]
[WhiteElo "1582"]
[BlackElo "1451"]
[PlyCount "74"]
[EventDate "2023.06.22"]
[EventType "swiss"]
[EventRounds "7"]
[EventCountry "COL"]
[SourceTitle "CBM 214 Extra"]
[Source "ChessBase"]
[SourceDate "2023.07.31"]
[SourceVersion "1"]
[SourceVersionDate "2023.07.31"]
[SourceQuality "1"]

1. c4 Nf6 2. Nc3 g6 3. g3 Bg7 4. Bg2 0-0 5. d3 d6 6. Nf3 Nc6 7. Rb1 a6 8. Bd2 e5 9. b4 Re8 10. 0-0 d5 11. cxd5 Nxd5 12. Nxd5 Qxd5 13. a4 Qd8 14. b5 axb5 15. axb5 Ne7 16. Qc2 Be6 17. Rfc1 c6 18. bxc6 bxc6 19. Bc3 f6 20. Ra1 Qb6 21. Rcb1 Rxa1 22. Bxa1 Qa6 23. Nd2 Ra8 24. Qc5 Bf8 25. Qd6 Kf7 26. Qc7 Bh6 27. Ne4 Qxa1 28. Nd6+ Kg8 29. Rf1 Qa7 30. Nb7 Bf8 31. Qd6 Qxb7 32. Qxe6+ Kg7 33. f4 Qc8 34. Qc4 exf4 35. Qxf4 Qf5 36. Qc4 Qe5 37. e4 Ra1 0-1

[Event "Ibague Blitz op"]
[Site "Ibague"]
[Date "2022.10.08"]
[Round "5"]
[White "Cifuentes Camacho, Miguel Angel"]
[Black "Mena, Yamil Octavio"]
[Result "0-1"]
[WhiteElo "1573"]
[BlackElo "1986"]
[PlyCount "92"]
[EventDate "2022.10.08"]
[EventType "swiss (blitz)"]
[EventRounds "9"]
[EventCountry "COL"]
[SourceTitle "CBM 210 Extra"]
[Source "ChessBase"]
[SourceDate "2022.11.30"]
[SourceVersion "1"]
[SourceVersionDate "2022.11.30"]
[SourceQuality "1"]

1. d4 Nf6 2. Bf4 d6 3. Nc3 Nbd7 4. e4 e5 5. dxe5 dxe5 6. Bg5 Be7 7. Bc4 c6 8. Nf3 Qc7 9. 0-0 0-0 10. h3 b5 11. Bd3 a5 12. a4 b4 13. Ne2 Nc5 14. Ng3 Be6 15. Be3 Rfd8 16. Qe2 Rab8 17. Ng5 Bc8 18. Bc4 Ne6 19. Nf5 Bf8 20. Rfd1 h6 21. Rxd8 Nxd8 22. Nf3 Nxe4 23. Ng3 Nxg3 24. fxg3 Be6 25. Nd2 Nb7 26. Bxe6 fxe6 27. Qg4 Bc5 28. Qxe6+ Kh8 29. Bxc5 Nxc5 30. Qc4 Nd7 31. Rf1 Nf6 32. Ne4 Nd5 33. Nc5 Ne3 34. Rf7 Nxc4 35. Rxc7 Nxb2 36. Rxc6 Nd1 37. Re6 Ne3 38. Rxe5 Nxc2 39. Nb3 Rc8 40. Rxa5 Rc3 41. Nc5 Na3 42. Ne4 Re3 43. Re5 b3 44. Re8+ Kh7 45. Nf6+ gxf6 46. Rxe3 b2 0-1

[Event "Ibague Blitz op"]
[Site "Ibague"]
[Date "2022.10.08"]
[Round "7"]
[White "Gonzalez Uruena, Jose Mauricio"]
[Black "Cifuentes Camacho, Miguel Angel"]
[Result "1-0"]
[WhiteElo "1815"]
[BlackElo "1573"]
[PlyCount "84"]
[EventDate "2022.10.08"]
[EventType "swiss (blitz)"]
[EventRounds "9"]
[EventCountry "COL"]
[SourceTitle "CBM 210 Extra"]
[Source "ChessBase"]
[SourceDate "2022.11.30"]
[SourceVersion "1"]
[SourceVersionDate "2022.11.30"]
[SourceQuality "1"]

1. c4 c6 2. Nf3 Nf6 3. b3 d6 4. Bb2 e5 5. d3 Be7 6. Nbd2 Nbd7 7. e3 a6 8. Be2 b5 9. 0-0 b4 10. a3 bxa3 11. Bxa3 d5 12. d4 e4 13. Ne5 Nxe5 14. dxe5 Nd7 15. Bb2 0-0 16. Qc2 Qc7 17. cxd5 Nxe5 18. Nxe4 Bf5 19. Nf6+ Bxf6 20. Qxf5 cxd5 21. Rac1 Qe7 22. Rfd1 Nf3+ 23. Bxf3 Bxb2 24. Rc2 Bf6 25. Rcd2 Qb4 26. Rxd5 Qxb3 27. Rb1 Qa2 28. Be4 g6 29. Qxf6 Rab8 30. Rbd1 Qa4 31. Bf3 Qb4 32. Qd4 Qb3 33. Rd7 Qb5 34. h4 h5 35. Rd5 Qb6 36. Qxb6 Rxb6 37. g4 hxg4 38. Bxg4 Rb4 39. f3 Rb2 40. h5 Kg7 41. Ra5 Rfb8 42. hxg6 fxg6 1-0

[Event "Bogota El Tablazo op-B"]
[Site "Bogota"]
[Date "2022.06.26"]
[Round "4.3"]
[White "Cifuentes Camacho, Miguel Angel"]
[Black "Mora Suarez, Juan Felipe"]
[Result "1-0"]
[WhiteElo "1449"]
[BlackElo "1903"]
[PlyCount "127"]
[EventDate "2022.06.24"]
[EventType "swiss"]
[EventRounds "7"]
[EventCountry "COL"]
[SourceTitle "EXT 2024"]
[Source "ChessBase"]
[SourceDate "2023.10.10"]
[SourceVersion "1"]
[SourceVersionDate "2023.10.10"]
[SourceQuality "1"]

1. d4 Nf6 2. Bf4 g6 3. e3 Bg7 4. Nf3 0-0 5. h4 h5 6. Be2 d6 7. Nbd2 c5 8. c3 cxd4 9. exd4 Be6 10. Ng5 Bd5 11. 0-0 b6 12. Bf3 Nbd7 13. c4 Bxf3 14. Ndxf3 Ng4 15. Qc2 e5 16. Bg3 Nh6 17. dxe5 dxe5 18. Rad1 Qe7 19. Rfe1 f6 20. Ne4 Nf5 21. Nc3 Nxg3 22. fxg3 Qf7 23. Nb5 Kh7 24. Rd5 Nc5 25. b4 Ne6 26. Rdxe5 fxe5 27. Nd6 Qc7 28. Nb5 Qd7 29. Rd1 Qe7 30. Rd6 Rf6 31. Rxe6 Rxe6 32. Ng5+ Kg8 33. Nxe6 Qxe6 34. Nc7 Qc6 35. Nxa8 Qxa8 36. Qxg6 Qd8 37. Qe6+ Kh8 38. c5 bxc5 39. bxc5 Qd4+ 40. Kh2 Qxc5 41. Qe8+ Qf8 42. Qxh5+ Kg8 43. Qg6 Qe7 44. h5 e4 45. h6 e3 46. hxg7 e2 47. Qh6 Qxg7 48. Qe6+ Kf8 49. Qxe2 Qd4 50. Qf3+ Kg8 51. g4 Qh8+ 52. Kg3 Qe5+ 53. Qf4 Qe1+ 54. Qf2 Qe5+ 55. Kh3 Qc3+ 56. Qg3 Qh8+ 57. Qh4 Qc3+ 58. g3 Qa1 59. Qg5+ Kh8 60. Qh6+ Kg8 61. Qe6+ Kg7 62. Qd5 Kg6 63. Qg8+ Kh6 64. g5+ 1-0

[Event "COL-ch U16"]
[Site "Villavicencio"]
[Date "2022.05.11"]
[Round "1"]
[White "Cifuentes Camacho, Miguel Angel"]
[Black "Toro Castaneda, Miguel Angel"]
[Result "0-1"]
[WhiteElo "1463"]
[BlackElo "2041"]
[PlyCount "50"]
[EventDate "2022.05.11"]
[EventType "swiss"]
[EventRounds "9"]
[EventCountry "COL"]
[SourceTitle "CBM 208 Extra"]
[Source "ChessBase"]
[SourceDate "2022.07.31"]
[SourceVersion "1"]
[SourceVersionDate "2022.07.31"]
[SourceQuality "1"]

1. d4 Nf6 2. Bf4 g6 3. Nc3 d5 4. e3 Bg7 5. Be2 c6 6. h4 h5 7. Nf3 Bf5 8. Ne5 Nbd7 9. g4 hxg4 10. Nxg4 Qb6 11. Nxf6+ Bxf6 12. Na4 Qa5+ 13. Nc3 Rxh4 14. Rxh4 Bxh4 15. Bg4 Nf6 16. Bxf5 gxf5 17. Qd2 b5 18. Bg3 Bxg3 19. fxg3 b4 20. Ne2 Ne4 21. Qd1 Kd7 22. b3 Rh8 23. Ng1 Qc7 24. Qf3 Qxg3+ 25. Qxg3 Nxg3 0-1